The Code of Civil Procedure / (Record no. 6151)
[ view plain ]
| 000 -LEADER | |
|---|---|
| fixed length control field | 00577nam a22001697a 4500 |
| 003 - CONTROL NUMBER IDENTIFIER | |
| control field | BUBTL |
| 008 - FIXED-LENGTH DATA ELEMENTS--GENERAL INFORMATION | |
| fixed length control field | 191112b xxu||||| |||| 00| 0 eng d |
| 082 ## - DEWEY DECIMAL CLASSIFICATION NUMBER | |
| Classification number | 347 / GOC |
| 100 ## - MAIN ENTRY--PERSONAL NAME | |
| 9 (RLIN) | 2455 |
| Personal name | Government of The People's Republic of Bangladesh |
| 245 ## - TITLE STATEMENT | |
| Title | The Code of Civil Procedure / |
| Statement of responsibility, etc. | Government of The People's Republic of Bangladesh |
| 260 ## - PUBLICATION, DISTRIBUTION, ETC. (IMPRINT) | |
| Place of publication, distribution, etc. | Dhaka : |
| Name of publisher, distributor, etc. | Ministry of Law, Justice And Parliamentary Affairs, |
| Date of publication, distribution, etc. | c2007 |
| 300 ## - PHYSICAL DESCRIPTION | |
| Extent | 433 p . : |
| Dimensions | 23.5 cm. |
| 650 #0 - SUBJECT ADDED ENTRY--TOPICAL TERM | |
| 9 (RLIN) | 26 |
| Topical term or geographic name as entry element | Law |
| 856 ## - ELECTRONIC LOCATION AND ACCESS | |
| Password | 0 |
| Logon | 0 |
| Link text | Download |
| 942 ## - ADDED ENTRY ELEMENTS (KOHA) | |
| Source of classification or shelving scheme | |
| Koha item type | Books |
| Withdrawn status | Lost status | Source of classification or shelving scheme | Damaged status | Not for loan | Collection code | Permanent location | Current location | Shelving location | Date acquired | Inventory number | Total Checkouts | Full call number | Barcode | Date last seen | Copy number | Price effective from | Koha item type | Date last checked out |
|---|---|---|---|---|---|---|---|---|---|---|---|---|---|---|---|---|---|---|
| Not For Loan | Non-fiction | Bangladesh University of Business and Technology Library | Bangladesh University of Business and Technology Library | Law Stacks | 11/06/2019 | 26064 | 347 / GOC | BUBTL-200326064 | 11/12/2019 | C-1 | 11/12/2019 | Books | ||||||
| Not For Loan | Non-fiction | Bangladesh University of Business and Technology Library | Bangladesh University of Business and Technology Library | Law Stacks | 11/06/2019 | 26065 | 347 / GOC | BUBTL-200326065 | 11/12/2019 | C-2 | 11/12/2019 | Books | ||||||
| Non-fiction | Bangladesh University of Business and Technology Library | Bangladesh University of Business and Technology Library | Law Stacks | 11/06/2019 | 26066 | 347 / GOC | BUBTL-200326066 | 11/12/2019 | C-3 | 11/12/2019 | Books | |||||||
| Non-fiction | Bangladesh University of Business and Technology Library | Bangladesh University of Business and Technology Library | Law Stacks | 11/06/2019 | 26067 | 2 | 347 / GOC | BUBTL-200326067 | 11/15/2023 | C-4 | 11/12/2019 | Books | 10/19/2023 | |||||
| Non-fiction | Bangladesh University of Business and Technology Library | Bangladesh University of Business and Technology Library | Law Stacks | 11/06/2019 | 26068 | 2 | 347 / GOC | BUBTL-200326068 | 08/10/2023 | C-5 | 11/12/2019 | Books | 08/03/2023 | |||||
| Non-fiction | Bangladesh University of Business and Technology Library | Bangladesh University of Business and Technology Library | Law Stacks | 11/06/2019 | 26069 | 347 / GOC | BUBTL-200326069 | 11/12/2019 | C-6 | 11/12/2019 | Books | |||||||
| Non-fiction | Bangladesh University of Business and Technology Library | Bangladesh University of Business and Technology Library | Law Stacks | 11/06/2019 | 26070 | 1 | 347 / GOC | BUBTL-200326070 | 10/01/2023 | C-7 | 11/12/2019 | Books | 09/27/2023 | |||||
| Non-fiction | Bangladesh University of Business and Technology Library | Bangladesh University of Business and Technology Library | Law Stacks | 11/06/2019 | 26071 | 347 / GOC | BUBTL-200326071 | 11/12/2019 | C-8 | 11/12/2019 | Books | |||||||
| Non-fiction | Bangladesh University of Business and Technology Library | Bangladesh University of Business and Technology Library | Law Stacks | 11/06/2019 | 26072 | 1 | 347 / GOC | BUBTL-200326072 | 08/22/2023 | C-9 | 11/12/2019 | Books | 08/20/2023 | |||||
| Non-fiction | Bangladesh University of Business and Technology Library | Bangladesh University of Business and Technology Library | Law Stacks | 11/06/2019 | 26073 | 347 / GOC | BUBTL-200326073 | 11/12/2019 | C-10 | 11/12/2019 | Books |
